[Event "Titled Tuesday intern op 08th Nov Late"]
[Site "Chess.com INT"]
[Date "2022.11.08"]
[Round "7"]
[White "Viana da Costa, Fernando"]
[Black "Ambartsumova, Karina"]
[Result "1/2-1/2"]
[WhiteElo "2241"]
[BlackElo "2399"]
[PlyCount "125"]
[EventDate "2022.11.08"]
[EventType "swiss (blitz)"]
[EventRounds "11"]
[EventCountry "USA"]
[SourceTitle "EXT 2024"]
[Source "ChessBase"]
[SourceDate "2023.10.10"]
[SourceVersion "1"]
[SourceVersionDate "2023.10.10"]
[SourceQuality "1"]

1. e4 e5 2. Nf3 Nc6 3. Bb5 Nf6 4. d3 d6 5. h3 Bd7 6. c3 g6 7. 0-0 Bg7 8. Re1 0-0 9. Nbd2 Qe8 10. Nf1 Nh5 11. a4 Kh8 12. d4 a6 13. Bc4 f5 14. dxe5 dxe5 15. a5 Rd8 16. Qc2 Be6 17. Qb3 Bxc4 18. Qxc4 Qf7 19. Qxf7 Rxf7 20. Be3 Rfd7 21. Bg5 Re8 22. b4 f4 23. g4 fxg3 24. fxg3 h6 25. Be3 Rd3 26. Rac1 Rf8 27. Kg2 Rfd8 28. Kf2 Nf6 29. N1d2 Kh7 30. Ke2 R3d7 31. g4 Ne8 32. Nc4 Nd6 33. Nxd6 Rxd6 34. Nd2 Kg8 35. Nc4 R6d7 36. Rcd1 Rxd1 37. Rxd1 Rxd1 38. Kxd1 Kf7 39. Ke2 h5 40. Kf3 Bf6 41. Bf2 Bg5 42. Bg3 Ke6 43. Ke2 Be7 44. Ne3 Bg5 45. Nd5 Bd8 46. Kd3 hxg4 47. hxg4 Nb8 48. Bf2 Nd7 49. Ne3 Bg5 50. Nc4 Bf4 51. Bh4 g5 52. Bf2 Nf6 53. Ne3 c6 54. Bg1 Kf7 55. Nf5 Ke6 56. Ne3 Bxe3 57. Bxe3 Nxg4 58. Bxg5 Nf2+ 59. Ke3 Nd1+ 60. Kd2 Nf2 61. Ke3 Ng4+ 62. Kd3 Nf2+ 63. Ke3 1/2-1/2

[Event "Titled Tuesday intern op 01st Nov Early"]
[Site "Chess.com INT"]
[Date "2022.11.01"]
[Round "4"]
[White "Viana da Costa, Fernando"]
[Black "Grot, Blazej"]
[Result "1-0"]
[WhiteElo "2241"]
[BlackElo "1839"]
[PlyCount "71"]
[EventDate "2022.11.01"]
[EventType "swiss (blitz)"]
[EventRounds "11"]
[EventCountry "USA"]
[SourceTitle "EXT 2024"]
[Source "ChessBase"]
[SourceDate "2023.10.10"]
[SourceVersion "1"]
[SourceVersionDate "2023.10.10"]
[SourceQuality "1"]

1. e4 c5 2. Nf3 e6 3. Nc3 Nc6 4. Bb5 Nge7 5. 0-0 a6 6. Bxc6 Nxc6 7. d4 cxd4 8. Nxd4 Be7 9. Nxc6 dxc6 10. e5 Qc7 11. Re1 b5 12. Qg4 g6 13. Bg5 Bb7 14. Bxe7 Qxe7 15. Ne4 Kf8 16. Nf6 Kg7 17. h4 h5 18. Qg5 Qc7 19. Rad1 Rad8 20. Rxd8 Qxd8 21. Nxh5+ Kh7 22. Nf6+ Kg7 23. h5 Qd4 24. c3 Qd3 25. Re3 Qb1+ 26. Kh2 Qxb2 27. Rh3 Qxf2 28. h6+ Kf8 29. Nd7+ Ke8 30. Qf6 Qxf6 31. Nxf6+ Ke7 32. h7 c5 33. Rd3 Bc6 34. Rd6 Be8 35. Rxa6 c4 36. Ra8 1-0

[Event "Titled Tuesday intern op 01st Nov Early"]
[Site "Chess.com INT"]
[Date "2022.11.01"]
[Round "6"]
[White "Viana da Costa, Fernando"]
[Black "Ljukin, Sergei"]
[Result "0-1"]
[WhiteElo "2241"]
[BlackElo "2362"]
[PlyCount "62"]
[EventDate "2022.11.01"]
[EventType "swiss (blitz)"]
[EventRounds "11"]
[EventCountry "USA"]
[SourceTitle "EXT 2024"]
[Source "ChessBase"]
[SourceDate "2023.10.10"]
[SourceVersion "1"]
[SourceVersionDate "2023.10.10"]
[SourceQuality "1"]

1. e4 e6 2. d4 d5 3. e5 c5 4. Nf3 cxd4 5. Bd3 Nc6 6. 0-0 f6 7. Bf4 g5 8. Bd2 g4 9. Nxd4 Nxe5 10. Bb5+ Kf7 11. Nc3 Bc5 12. Nb3 Bd6 13. Re1 Ne7 14. Bf4 h5 15. Nd4 Nf3+ 16. Nxf3 Bxf4 17. Nd4 Qc7 18. g3 Be5 19. f4 Bxd4+ 20. Qxd4 Qb6 21. Qxb6 axb6 22. Bd3 Bd7 23. Rad1 h4 24. a3 hxg3 25. hxg3 Rh3 26. Kg2 Bc6 27. Kf2 d4 28. Ne4 Rh2+ 29. Kg1 Rah8 30. Rf1 f5 31. Ng5+ Kf6 0-1

[Event "Titled Tuesday intern op 01st Nov Early"]
[Site "Chess.com INT"]
[Date "2022.11.01"]
[Round "1"]
[White "Viana da Costa, Fernando"]
[Black "Svane, Rasmus"]
[Result "0-1"]
[WhiteElo "2241"]
[BlackElo "2619"]
[PlyCount "88"]
[EventDate "2022.11.01"]
[EventType "swiss (blitz)"]
[EventRounds "11"]
[EventCountry "USA"]
[SourceTitle "EXT 2024"]
[Source "ChessBase"]
[SourceDate "2023.10.10"]
[SourceVersion "1"]
[SourceVersionDate "2023.10.10"]
[SourceQuality "1"]

1. d4 d5 2. c4 e6 3. Nc3 a6 4. cxd5 exd5 5. Bf4 Nf6 6. e3 Bd6 7. Bg3 0-0 8. Bd3 Re8 9. Nge2 c6 10. 0-0 h6 11. Rb1 Qe7 12. Qc2 Bg4 13. Bxd6 Qxd6 14. b4 Bxe2 15. Bxe2 Nbd7 16. Rfc1 g6 17. Na4 Re7 18. Nc5 Nb6 19. a4 Kg7 20. b5 cxb5 21. axb5 a5 22. Na4 Rc8 23. Qxc8 Nxc8 24. Rxc8 Rc7 25. Rxc7 Qxc7 26. Bd3 Ng4 27. g3 Qd6 28. b6 Qc6 29. Nc5 a4 30. Bb5 Qxb6 31. Nxa4 Qa5 32. Bd7 Nf6 33. Bb5 Ne4 34. Rb2 h5 35. h4 Kf8 36. Kg2 Ke7 37. Nc5 Nxc5 38. dxc5 Qc3 39. Rb1 Qxc5 40. Bd3 b6 41. Be2 d4 42. exd4 Qxd4 43. Kf1 Qe4 44. Rb5 Qh1# 0-1

[Event "Titled Tuesday intern op 16th Aug Late"]
[Site "Chess.com INT"]
[Date "2022.08.16"]
[Round "1"]
[White "Viana da Costa, Fernando"]
[Black "Badmatsyrenov, Oleg"]
[Result "0-1"]
[WhiteElo "2241"]
[BlackElo "2437"]
[PlyCount "76"]
[EventDate "2022.08.16"]
[EventType "swiss (blitz)"]
[EventRounds "11"]
[EventCountry "USA"]
[SourceTitle "EXT 2023"]
[Source "ChessBase"]
[SourceDate "2022.10.05"]
[SourceVersion "1"]
[SourceVersionDate "2022.10.05"]
[SourceQuality "1"]

1. e4 c5 2. Nf3 e6 3. b3 Nc6 4. Bb2 a6 5. c4 d6 6. d4 cxd4 7. Nxd4 Bd7 8. Nc3 Nf6 9. Be2 Be7 10. 0-0 0-0 11. Qd2 Qa5 12. Rfd1 Rfd8 13. Kh1 Nxd4 14. Qxd4 Rac8 15. Rac1 Qg5 16. Rf1 e5 17. Qd3 Bc6 18. Bf3 h5 19. h3 Qh6 20. Rcd1 g5 21. Bc1 Qg6 22. g3 g4 23. hxg4 hxg4 24. Bg2 Kg7 25. Kg1 Rh8 26. Rfe1 Qh5 27. Ba3 b5 28. cxb5 axb5 29. Bb4 Qh2+ 30. Kf1 Rh6 31. Bxd6 Bxd6 32. Qxd6 Nd7 33. Qd2 b4 34. Ne2 Bb5 35. Qg5+ Rg6 36. Qe3 Rc3 37. Qa7 Rf6 38. Rxd7 Rxg3 0-1

[Event "Titled Tuesday intern op 16th Aug Late"]
[Site "Chess.com INT"]
[Date "2022.08.16"]
[Round "2"]
[White "Viana da Costa, Fernando"]
[Black "Turayev, Shahruh"]
[Result "0-1"]
[WhiteElo "2241"]
[BlackElo "2217"]
[PlyCount "72"]
[EventDate "2022.08.16"]
[EventType "swiss (blitz)"]
[EventRounds "11"]
[EventCountry "USA"]
[SourceTitle "EXT 2023"]
[Source "ChessBase"]
[SourceDate "2022.10.05"]
[SourceVersion "1"]
[SourceVersionDate "2022.10.05"]
[SourceQuality "1"]

1. e4 d5 2. exd5 Qxd5 3. Nf3 Nf6 4. d4 Nc6 5. Be2 Bg4 6. 0-0 0-0-0 7. c3 e5 8. dxe5 Nxe5 9. Nxe5 Qxd1 10. Rxd1 Rxd1+ 11. Bxd1 Bxd1 12. Nxf7 Rg8 13. Ne5 Be2 14. Nd2 Bd6 15. Ndc4 Bxe5 16. Nxe5 Re8 17. Bf4 Nh5 18. g3 Nxf4 19. gxf4 Rf8 20. Re1 Bb5 21. c4 Ba6 22. b3 Rxf4 23. f3 b6 24. Kg2 Bb7 25. Kg3 Rf5 26. h4 c5 27. f4 Rf8 28. Rd1 Rd8 29. Rxd8+ Kxd8 30. a3 Ke7 31. b4 cxb4 32. axb4 a5 33. bxa5 bxa5 34. c5 Bd5 35. Kf2 a4 36. Ke3 a3 0-1

[Event "Titled Tuesday intern op 02nd Aug Late"]
[Site "Chess.com INT"]
[Date "2022.08.02"]
[Round "7"]
[White "Viana da Costa, Fernando"]
[Black "Melikyan, Gnel"]
[Result "1-0"]
[WhiteElo "2241"]
[BlackElo "2140"]
[PlyCount "101"]
[EventDate "2022.08.02"]
[EventType "swiss (blitz)"]
[EventRounds "11"]
[EventCountry "USA"]
[SourceTitle "EXT 2023"]
[Source "ChessBase"]
[SourceDate "2022.10.05"]
[SourceVersion "1"]
[SourceVersionDate "2022.10.05"]
[SourceQuality "1"]

1. c4 c5 2. Nf3 Nc6 3. Nc3 Nf6 4. d4 cxd4 5. Nxd4 g6 6. e4 Bg7 7. Be2 Nxd4 8. Qxd4 0-0 9. Be3 Ng4 10. Qd2 Nxe3 11. Qxe3 d6 12. 0-0 Be6 13. Nd5 b6 14. Rab1 Rc8 15. b3 Re8 16. Rbd1 Qd7 17. Rfe1 Qc6 18. Qg5 f6 19. Qg3 Bf7 20. Bf3 Qc5 21. h4 Qa3 22. Re2 e6 23. Nc3 Qb4 24. Nb5 Bf8 25. Nxd6 Red8 26. Red2 e5 27. Nxc8 Rxd2 28. Rxd2 Qxd2 29. Nxa7 Qc1+ 30. Kh2 Bh6 31. Qh3 Qf4+ 32. Kg1 Qc1+ 33. Kh2 Qd2 34. Qc8+ Kg7 35. g3 Qxf2+ 36. Bg2 Bd2 37. Qg4 Be1 38. Qf3 Qxa2 39. Nc8 Be6 40. Nxb6 h5 41. Nd5 f5 42. exf5 Bxf5 43. Qe3 Qa1 44. c5 Ba5 45. c6 Qd4 46. Qc1 e4 47. c7 Qxd5 48. c8Q Bxc8 49. Qxc8 Qxb3 50. Qd7+ Qf7 51. Qxf7+ 1-0

[Event "Florianopolis op 8th"]
[Site "Florianopolis"]
[Date "2022.01.29"]
[Round "8"]
[White "Viana da Costa, Fernando"]
[Black "Volkmann, Andre Jordi"]
[Result "1/2-1/2"]
[WhiteElo "2300"]
[BlackElo "2097"]
[PlyCount "89"]
[EventDate "2022.01.24"]
[EventType "swiss"]
[EventRounds "10"]
[EventCountry "BRA"]
[SourceTitle "EXT 2023"]
[Source "ChessBase"]
[SourceDate "2022.10.05"]
[SourceVersion "1"]
[SourceVersionDate "2022.10.05"]
[SourceQuality "1"]

1. e4 c6 2. d4 d5 3. Nc3 dxe4 4. Nxe4 Nf6 5. Ng3 h5 6. Bc4 h4 7. Nf1 c5 8. Nf3 e6 9. Ne3 a6 10. a4 h3 11. g3 b6 12. 0-0 Bb7 13. c3 Nc6 14. Qe2 cxd4 15. Rd1 Be7 16. cxd4 Nb4 17. Bd2 Nbd5 18. Nxd5 Bxd5 19. Bg5 0-0 20. Ne5 Bxc4 21. Qxc4 Qd5 22. Qxd5 Nxd5 23. Bxe7 Nxe7 24. Nd7 Rfd8 25. Nxb6 Rab8 26. a5 Nd5 27. Na4 Rb4 28. Nc5 Rxb2 29. Nxa6 Nc3 30. Rf1 Ne2+ 31. Kh1 Nxd4 32. Nc5 Ra8 33. Nd3 Rd2 34. Nf4 Nb3 35. Ra3 Nxa5 36. Nxh3 Rd7 37. Ng5 Rda7 38. Rc1 Ra6 39. Rc7 f6 40. Ne4 Nc6 41. Rb3 R8a7 42. Rc8+ Kh7 43. Kg1 Nd4 44. Rd3 e5 45. Rd2 1/2-1/2

[Event "Titled Tuesday intern op 04th Jan"]
[Site "Chess.com INT"]
[Date "2022.01.04"]
[Round "2"]
[White "Lorparizangeneh, Shahin"]
[Black "Viana da Costa, Fernando"]
[Result "1-0"]
[WhiteElo "2497"]
[BlackElo "2300"]
[PlyCount "43"]
[EventDate "2022.01.04"]
[EventType "swiss (blitz)"]
[EventRounds "11"]
[EventCountry "USA"]
[SourceTitle "EXT 2023"]
[Source "ChessBase"]
[SourceDate "2022.10.05"]
[SourceVersion "1"]
[SourceVersionDate "2022.10.05"]
[SourceQuality "1"]

1. e4 c5 2. Nf3 Nc6 3. Bb5 e6 4. 0-0 Nge7 5. d4 cxd4 6. Nxd4 Qb6 7. Nxc6 Qxb5 8. Nd4 Qb6 9. Nc3 Nc6 10. Ndb5 Bc5 11. Nd6+ Bxd6 12. Qxd6 Qd4 13. Bf4 Qxd6 14. Bxd6 a6 15. Na4 b5 16. Nb6 Bb7 17. Nxa8 Bxa8 18. a4 Bb7 19. axb5 axb5 20. Ra3 f6 21. Rb3 Nd4 22. Rb4 1-0

[Event "Titled Tuesday intern op 04th Jan"]
[Site "Chess.com INT"]
[Date "2022.01.04"]
[Round "1"]
[White "Yoo, Christopher Woojin"]
[Black "Viana da Costa, Fernando"]
[Result "0-1"]
[WhiteElo "2500"]
[BlackElo "2300"]
[PlyCount "126"]
[EventDate "2022.01.04"]
[EventType "swiss (blitz)"]
[EventRounds "11"]
[EventCountry "USA"]
[SourceTitle "EXT 2023"]
[Source "ChessBase"]
[SourceDate "2022.10.05"]
[SourceVersion "1"]
[SourceVersionDate "2022.10.05"]
[SourceQuality "1"]

1. e4 c5 2. Nf3 Nc6 3. Nc3 g6 4. Bb5 Bg7 5. 0-0 Nd4 6. Nxd4 cxd4 7. Ne2 a6 8. Ba4 b6 9. d3 e6 10. f4 Ne7 11. Qe1 0-0 12. Bd2 d6 13. Qf2 Bd7 14. Bxd7 Qxd7 15. Nxd4 Rfc8 16. c3 d5 17. e5 b5 18. g4 f6 19. exf6 Bxf6 20. Rae1 Bxd4 21. Qxd4 Nc6 22. Qf6 Re8 23. Re2 Qf7 24. Qxf7+ Kxf7 25. d4 Ne7 26. Rfe1 Ng8 27. g5 Rac8 28. Re3 h5 29. gxh6 Nxh6 30. Rh3 Rh8 31. Ree3 Nf5 32. Rd3 a5 33. Kg2 a4 34. Rxh8 Rxh8 35. Rh3 Rh5 36. Rxh5 gxh5 37. Kf3 Ke7 38. Ke2 Kd6 39. Kd3 Nh4 40. Be3 Nf3 41. h3 Nh4 42. b3 axb3 43. axb3 Nf5 44. Bf2 Kc6 45. Kc2 Nd6 46. Kb2 Ne4 47. Be1 Nd6 48. Ka3 Kb6 49. Kb4 Ne4 50. c4 bxc4 51. bxc4 dxc4 52. Kxc4 Kc6 53. Bb4 Nf2 54. h4 Nh3 55. Bd2 Ng1 56. Be3 Nf3 57. Bf2 Nh2 58. f5 exf5 59. d5+ Kd7 60. Kd4 Nf3+ 61. Ke3 Ne5 62. Bg3 Ng4+ 63. Kf4 Kd6 0-1

[Event "Titled Tuesday intern op 09th Nov"]
[Site "Chess.com INT"]
[Date "2021.11.09"]
[Round "7"]
[White "Leitao, Rafael Duailibe"]
[Black "Viana da Costa, Fernando"]
[Result "1-0"]
[WhiteElo "2592"]
[BlackElo "2300"]
[PlyCount "69"]
[EventDate "2021.11.09"]
[EventType "swiss (blitz)"]
[EventRounds "11"]
[EventCountry "USA"]
[SourceTitle "CBM 205 Extra"]
[Source "ChessBase"]
[SourceDate "2022.01.31"]
[SourceVersion "1"]
[SourceVersionDate "2022.01.31"]
[SourceQuality "1"]

1. c4 e6 2. g3 Nf6 3. Bg2 d5 4. Nf3 Be7 5. 0-0 0-0 6. b3 a5 7. Nc3 b6 8. cxd5 Nxd5 9. Bb2 Bb7 10. Rc1 Nd7 11. Nxd5 Bxd5 12. Qc2 c5 13. e4 Bb7 14. d4 cxd4 15. Nxd4 Rc8 16. Qb1 Rxc1 17. Rxc1 Nc5 18. Nb5 Qd7 19. Na3 b5 20. Rd1 Qc6 21. Nc2 Qb6 22. Bd4 b4 23. Ne3 Ba6 24. Qc2 Rc8 25. Rc1 Qd8 26. Qd1 Nd3 27. Rxc8 Qxc8 28. Bf1 Nc5 29. Bxc5 Bxc5 30. Bxa6 Qxa6 31. Qd8+ Bf8 32. Nc4 a4 33. Nb6 axb3 34. Nd7 Qd6 35. axb3 1-0

[Event "Titled Tuesday intern op 09th Nov"]
[Site "Chess.com INT"]
[Date "2021.11.09"]
[Round "5"]
[White "P, Komal Kishore"]
[Black "Viana da Costa, Fernando"]
[Result "0-1"]
[WhiteElo "2153"]
[BlackElo "2300"]
[PlyCount "72"]
[EventDate "2021.11.09"]
[EventType "swiss (blitz)"]
[EventRounds "11"]
[EventCountry "USA"]
[SourceTitle "CBM 205 Extra"]
[Source "ChessBase"]
[SourceDate "2022.01.31"]
[SourceVersion "1"]
[SourceVersionDate "2022.01.31"]
[SourceQuality "1"]

1. e4 c5 2. Nf3 Nc6 3. Bb5 e6 4. Bxc6 bxc6 5. 0-0 Ne7 6. c3 Ng6 7. d4 cxd4 8. cxd4 d5 9. exd5 cxd5 10. Nc3 Be7 11. Bf4 Nxf4 12. Re1 0-0 13. h4 Ba6 14. g3 Nd3 15. Re3 Nxb2 16. Qb3 Nc4 17. Ree1 Qb6 18. Qc2 Rfc8 19. Rab1 Qa5 20. Qb3 Bd6 21. Rec1 Rab8 22. Qd1 Rxb1 23. Nxb1 Qxa2 24. Nc3 Qa5 25. Ne2 h6 26. Ra1 Qb6 27. Nc1 Bb5 28. Nd3 a5 29. Qb3 a4 30. Qa2 a3 31. Re1 Ba4 32. Rb1 Qa7 33. Nde5 Nxe5 34. dxe5 Bf8 35. h5 Rc2 36. Qa1 Qxf2+ 0-1

[Event "Titled Tuesday intern op 09th Nov"]
[Site "Chess.com INT"]
[Date "2021.11.09"]
[Round "4"]
[White "Viana da Costa, Fernando"]
[Black "Jaracz, Pawel"]
[Result "0-1"]
[WhiteElo "2300"]
[BlackElo "2454"]
[PlyCount "82"]
[EventDate "2021.11.09"]
[EventType "swiss (blitz)"]
[EventRounds "11"]
[EventCountry "USA"]
[SourceTitle "CBM 205 Extra"]
[Source "ChessBase"]
[SourceDate "2022.01.31"]
[SourceVersion "1"]
[SourceVersionDate "2022.01.31"]
[SourceQuality "1"]

1. e4 e5 2. Nf3 Nc6 3. Bb5 a6 4. Ba4 Nf6 5. 0-0 Be7 6. Re1 b5 7. Bb3 0-0 8. h3 h6 9. c3 d6 10. d4 Bd7 11. Nbd2 Re8 12. d5 Na5 13. Bc2 c6 14. dxc6 Nxc6 15. Nf1 Be6 16. Ne3 Bf8 17. Qe2 Ne7 18. Rd1 Qc7 19. Nh4 Rad8 20. a4 Qb7 21. axb5 axb5 22. Nhf5 Nxf5 23. exf5 Bd7 24. Ng4 Nxg4 25. Qxg4 Kh8 26. Be3 Ra8 27. Be4 Bc6 28. Bxc6 Qxc6 29. f6 g6 30. h4 d5 31. h5 Rxa1 32. Rxa1 Qxf6 33. hxg6 fxg6 34. Ra7 Rd8 35. Qd1 d4 36. cxd4 exd4 37. Bd2 Bg7 38. Qb3 Qf5 39. Ba5 Rf8 40. Be1 d3 41. Qd1 Bd4 0-1

[Event "Titled Tuesday intern op 09th Nov"]
[Site "Chess.com INT"]
[Date "2021.11.09"]
[Round "3"]
[White "Viana da Costa, Fernando"]
[Black "Maly, Alexey"]
[Result "1/2-1/2"]
[WhiteElo "2300"]
[BlackElo "2368"]
[PlyCount "44"]
[EventDate "2021.11.09"]
[EventType "swiss (blitz)"]
[EventRounds "11"]
[EventCountry "USA"]
[SourceTitle "CBM 205 Extra"]
[Source "ChessBase"]
[SourceDate "2022.01.31"]
[SourceVersion "1"]
[SourceVersionDate "2022.01.31"]
[SourceQuality "1"]

1. e4 c6 2. d4 d5 3. Nc3 dxe4 4. Nxe4 Bf5 5. Ng3 Bg6 6. Nf3 Nd7 7. Bd3 Bxd3 8. Qxd3 e6 9. 0-0 Ngf6 10. c4 Be7 11. b3 0-0 12. Bb2 Qa5 13. Rfe1 Ba3 14. Bc3 Bb4 15. Bxb4 Qxb4 16. a3 Qb6 17. b4 a5 18. c5 Qa6 19. Qxa6 Rxa6 20. b5 cxb5 21. Rab1 Nd5 22. Rxb5 b6 1/2-1/2

[Event "Speed Chess GP3"]
[Site "Chess.com INT"]
[Date "2021.10.02"]
[Round "4"]
[White "Koridze, Lile"]
[Black "Viana da Costa, Fernando"]
[Result "1-0"]
[WhiteElo "2016"]
[BlackElo "2300"]
[PlyCount "71"]
[EventDate "2021.10.02"]
[EventType "swiss (blitz)"]
[EventRounds "10"]
[EventCountry "USA"]
[SourceTitle "CBM 204 Extra"]
[Source "ChessBase"]
[SourceDate "2021.11.30"]
[SourceVersion "1"]
[SourceVersionDate "2021.11.30"]
[SourceQuality "1"]

1. d4 Nf6 2. c4 e6 3. Nc3 Bb4 4. e3 0-0 5. Bd3 d5 6. Nge2 c5 7. 0-0 Nc6 8. cxd5 exd5 9. dxc5 Bxc5 10. Nf4 d4 11. Na4 Be7 12. exd4 Nxd4 13. Be3 Nf5 14. Bc5 Bxc5 15. Nxc5 Qc7 16. Qc1 b6 17. Ne4 Qe5 18. Nxf6+ Qxf6 19. Be4 Ba6 20. Re1 Rac8 21. Qd2 Rfd8 22. Nd5 Rxd5 23. Qxd5 Nd4 24. Rad1 Rd8 25. Qh5 g6 26. Qh3 Ne2+ 27. Kh1 Rxd1 28. Rxd1 Qxf2 29. Qf3 Qc5 30. Bd3 Bxd3 31. Qxd3 Nf4 32. Qd8+ Kg7 33. Qd4+ Qxd4 34. Rxd4 Ne6 35. Rd7 a6 36. Rd6 1-0

[Event "Speed Chess GP3"]
[Site "Chess.com INT"]
[Date "2021.10.02"]
[Round "3"]
[White "Yakubbaeva, Nilufar"]
[Black "Viana da Costa, Fernando"]
[Result "0-1"]
[WhiteElo "2250"]
[BlackElo "2300"]
[PlyCount "52"]
[EventDate "2021.10.02"]
[EventType "swiss (blitz)"]
[EventRounds "10"]
[EventCountry "USA"]
[SourceTitle "CBM 204 Extra"]
[Source "ChessBase"]
[SourceDate "2021.11.30"]
[SourceVersion "1"]
[SourceVersionDate "2021.11.30"]
[SourceQuality "1"]

1. d4 Nf6 2. Nf3 g6 3. c4 Bg7 4. Nc3 0-0 5. h4 d6 6. e4 Bg4 7. Be2 Nc6 8. Be3 e5 9. d5 Bxf3 10. Bxf3 Nd4 11. h5 Re8 12. hxg6 hxg6 13. Qd2 c6 14. 0-0-0 cxd5 15. cxd5 Rc8 16. Kb1 Qa5 17. Rh2 b5 18. Rdh1 b4 19. Ne2 Rc2 20. Qd3 Rec8 21. Nxd4 exd4 22. Bxd4 Qc7 23. Be3 Nd7 24. Rh8+ Bxh8 25. Rxh8+ Kxh8 26. Bd4+ Ne5 0-1

[Event "Speed Chess GP2"]
[Site "Chess.com INT"]
[Date "2021.09.25"]
[Round "3"]
[White "Leiva Rodriguez, Jeammarco Giuseppe"]
[Black "Viana da Costa, Fernando"]
[Result "1/2-1/2"]
[WhiteElo "2391"]
[BlackElo "2300"]
[PlyCount "169"]
[EventDate "2021.09.25"]
[EventType "swiss (blitz)"]
[EventRounds "10"]
[EventCountry "USA"]
[SourceTitle "CBM 204 Extra"]
[Source "ChessBase"]
[SourceDate "2021.11.30"]
[SourceVersion "1"]
[SourceVersionDate "2021.11.30"]
[SourceQuality "1"]

1. e4 c5 2. Nf3 Nc6 3. Bb5 e6 4. 0-0 Nge7 5. Re1 a6 6. Bxc6 Nxc6 7. Nc3 d6 8. d4 cxd4 9. Nxd4 Bd7 10. Nd5 Be7 11. Nxe7 Qxe7 12. Nf3 0-0 13. Bf4 e5 14. Bg5 f6 15. Be3 Be6 16. b3 b5 17. a4 b4 18. Qd3 Rfd8 19. Rad1 d5 20. Bb6 Rd7 21. exd5 Rxd5 22. Qe4 Qd7 23. Rxd5 Qxd5 24. Qxd5 Bxd5 25. Rd1 Bxf3 26. gxf3 Rc8 27. Bc5 a5 28. Rd5 Kf7 29. Rd7+ Kg6 30. Kg2 Nd4 31. Bb6 Rxc2 32. Bxa5 Nxb3 33. Bxb4 Ra2 34. a5 Ra4 35. Bf8 Rxa5 36. Rxg7+ Kf5 37. Rxh7 Nd4 38. Rh5+ Kg6 39. Rh6+ Kf7 40. Bb4 Rb5 41. Bc3 Nf5 42. Rh7+ Kg6 43. Ra7 Rb3 44. Rc7 Nh4+ 45. Kg3 Nf5+ 46. Kh3 Nd4 47. Bxd4 exd4 48. Kg4 d3 49. Rd7 Rb2 50. Rxd3 Rxf2 51. Kg3 Rf1 52. Ra3 Rg1+ 53. Kf2 Rd1 54. Kg2 Rd2+ 55. Kg3 Rd1 56. h4 Rg1+ 57. Kh2 Rd1 58. Kg3 Rg1+ 59. Kh2 Re1 60. Ra5 Rd1 61. Kg3 Rg1+ 62. Kf4 Rh1 63. h5+ Kf7 64. Ra7+ Ke6 65. Rh7 Rh4+ 66. Kg3 Rh1 67. Kg2 Rh4 68. Rh8 Kf5 69. Kg3 Rh1 70. f4 Rg1+ 71. Kf3 Rf1+ 72. Kg2 Rxf4 73. Kh3 Rf1 74. Kg2 Rf4 75. h6 Rh4 76. Kg3 Rh5 77. h7 Kg6 78. Rg8+ Kxh7 79. Ra8 Kg6 80. Kg4 Rg5+ 81. Kf4 Rf5+ 82. Kg4 Rg5+ 83. Kf4 Rf5+ 84. Ke4 Rg5 85. Kf4 1/2-1/2

[Event "Titled Tuesday intern op 06th July"]
[Site "Chess.com INT"]
[Date "2021.07.06"]
[Round "1"]
[White "Castellanos Hernandez, Emilio Au"]
[Black "Viana da Costa, Fernando"]
[Result "0-1"]
[WhiteElo "1920"]
[BlackElo "2300"]
[PlyCount "76"]
[EventDate "2021.07.06"]
[EventType "swiss (blitz)"]
[EventRounds "11"]
[EventCountry "USA"]
[SourceTitle "EXT 2022"]
[Source "ChessBase"]
[SourceDate "2021.10.06"]
[SourceVersion "1"]
[SourceVersionDate "2021.10.06"]
[SourceQuality "1"]

1. c4 Nf6 2. Nc3 e5 3. e4 Nc6 4. d3 g6 5. Nf3 Bg7 6. Be3 Ng4 7. Qd2 0-0 8. h3 Nxe3 9. fxe3 f5 10. exf5 gxf5 11. Be2 d6 12. 0-0 Be6 13. Rae1 Bh6 14. Bd1 Kh8 15. Kh1 Rg8 16. Qf2 f4 17. Qh4 Qxh4 18. Nxh4 fxe3 19. Rf6 Bg5 20. Rxe6 Bxh4 21. Rxe3 Nd4 22. Re4 Nxe6 23. Rxh4 Raf8 24. Bf3 c6 25. Ne4 Ng5 26. Nxd6 Nxf3 27. gxf3 Rxf3 28. Kh2 Rf2+ 29. Kh1 Rxb2 30. Nf7+ Kg7 31. Nxe5 Rf8 32. Rg4+ Kh6 33. Kg1 Rff2 34. Rg8 Rfe2 35. Ng4+ Kh5 36. Kf1 Rec2 37. Nf6+ Kh4 38. Re8 Rc1+ 0-1

[Event "Titled Tuesday intern op 15th June"]
[Site "Chess.com INT"]
[Date "2021.06.15"]
[Round "2"]
[White "Shapiro, Daniel E"]
[Black "Viana da Costa, Fernando"]
[Result "0-1"]
[WhiteElo "2284"]
[BlackElo "2300"]
[PlyCount "66"]
[EventDate "2021.06.15"]
[EventType "swiss (blitz)"]
[EventRounds "11"]
[EventCountry "USA"]
[SourceTitle "CBM 203 Extra"]
[Source "ChessBase"]
[SourceDate "2021.09.30"]
[SourceVersion "1"]
[SourceVersionDate "2021.09.30"]
[SourceQuality "1"]

1. d4 Nf6 2. c4 e6 3. g3 d5 4. Nf3 dxc4 5. Bg2 c6 6. Ne5 Bb4+ 7. Nc3 Nd5 8. Bd2 b5 9. Qc2 Bb7 10. a4 a6 11. 0-0 Bxc3 12. bxc3 0-0 13. e4 Nb6 14. a5 N6d7 15. f4 Nxe5 16. fxe5 Nd7 17. h4 c5 18. Bg5 Qc7 19. Be7 cxd4 20. Bd6 Qc8 21. cxd4 Re8 22. Qf2 f6 23. exf6 Nxf6 24. Qf4 Qd7 25. Be5 Rf8 26. Bxf6 Rxf6 27. Qe5 Raf8 28. Rf4 Rxf4 29. gxf4 Rd8 30. Rd1 Kh8 31. Bh3 Qe7 32. Bxe6 Qxh4 33. Rd2 Qe1+ 0-1